<?xml version="1.0" encoding="UTF-8"?>
<collection xmlns="http://www.loc.gov/MARC21/slim">
  <record>
    <leader>00000nam  2200000   4500</leader>
    <controlfield tag="001">INLIS000000000013224</controlfield>
    <controlfield tag="005">20220907075352</controlfield>
    <datafield tag="035" ind1="#" ind2="#">
      <subfield code="a">0010-0822000025</subfield>
    </datafield>
    <datafield tag="245" ind1="1" ind2="#">
      <subfield code="a">SPARKLING (Sistem Pelayanan Elektronik Perlindungan dan Pengelolaan Lingkungan Hidup) Pemerintah Dinas Lingkungan Hidup Provinsi Kalimantan Timur /</subfield>
      <subfield code="c">Ence Achmad Rafiddin Rizal, S.T., M.Si.</subfield>
    </datafield>
    <datafield tag="100" ind1=" " ind2="#">
      <subfield code="a">RIZAL,Rafiddin Achmad Ence</subfield>
    </datafield>
    <datafield tag="250" ind1="#" ind2="#">
      <subfield code="a">1</subfield>
    </datafield>
    <datafield tag="300" ind1="#" ind2="#">
      <subfield code="a">vii,46 halaman.,lampiran :</subfield>
      <subfield code="b">ilustrasi ;</subfield>
      <subfield code="c">30 cm</subfield>
    </datafield>
    <datafield tag="260" ind1="#" ind2="#">
      <subfield code="a">Samarinda :</subfield>
      <subfield code="b">Puslatbang KDOD,</subfield>
      <subfield code="c">2020</subfield>
    </datafield>
    <datafield tag="084" ind1="#" ind2="#">
      <subfield code="a">PKN 310 2020</subfield>
    </datafield>
    <datafield tag="520" ind1="#" ind2="#">
      <subfield code="a">Laporan proyek perubahan ini menjelaskan seiring dengan perkembangan teknologi informasi, revolusi industry 4.0, pandemi, perubahan lingkungan strategis dan tuntutan pelayanan yang cepat mengharuskan organisasi menjadi adaptif terhadap perubahan dengan dukungan teknologi yang  tepat. Inovasi Sistem Pelayanan Elektronik Perlindungan dan Pengelolaan Lingkungan Hidup (SPARKLING) adalah system tata kelola layanan pada Dinas Lingkungan Hidup yang mengembangkan strategi transformasi digital berbagai kebijakan dan wewenang, penerapan tugas pokok dan fungsi organisasi berbasis teknologi untuk memberikan layanan penyelenggaraan yang lebih cepat, tepat, aman, mudah diakses dan akuntabel.</subfield>
    </datafield>
    <datafield tag="500" ind1="#" ind2="#">
      <subfield code="a">Coach:Drs. H. Bere Ali, M.Si&#13;
Penguji:Dr. Andi Taufik, M.Si&#13;
Mentor:Muhammad Sa'bani</subfield>
    </datafield>
    <controlfield tag="008">220907################|##########|#|##</controlfield>
    <datafield tag="650" ind1="#" ind2="4">
      <subfield code="a">Proyek Perubahan</subfield>
    </datafield>
    <datafield tag="650" ind1="#" ind2="4">
      <subfield code="a">Kepemimpinan Nasional Tingkat II</subfield>
    </datafield>
    <datafield tag="650" ind1="#" ind2="4">
      <subfield code="a">sistem informasi</subfield>
    </datafield>
    <datafield tag="650" ind1="#" ind2="4">
      <subfield code="a">teknologi informasi</subfield>
    </datafield>
    <datafield tag="650" ind1="#" ind2="4">
      <subfield code="a">manajemen database</subfield>
    </datafield>
    <datafield tag="650" ind1="#" ind2="4">
      <subfield code="a">kinerja pegawai</subfield>
    </datafield>
    <datafield tag="650" ind1="#" ind2="4">
      <subfield code="a">layanan informasi</subfield>
    </datafield>
    <datafield tag="650" ind1="#" ind2="4">
      <subfield code="a">lingkungan hidup</subfield>
    </datafield>
    <datafield tag="990" ind1="#" ind2="#">
      <subfield code="a">PKN/310/2020</subfield>
    </datafield>
  </record>
</collection>
